01166nam a22002897a 4500001001000000003000900010005001700019007000300036008003400039040005400073041001000127072001400137090001900151100002200170110010500192245023800297260003700535300001000572500004700582650001400629650001300643650000800656909003600664942000700700999001700707952015200724BR8402861BR-BrBNA20230928091931.0ta230509b bl.||||| |||| 00| 0 por d aBR-BrBNAbporcBiblioteca Nacional de Agricultura a(Por) aL72b4030  4030 BR84028611 aPereira, M. de C.1 aUniversidade de Sao Paulo, Sao Paulo (Brasil). Inst. de Ciencias Biomedicas0Tese (Doutorado)9105421 aEstudos de numeros diarios medios de ovos produzidos por femeas ingurgitadas de Boophilus microplus (Canestrini, 1887), em confronto mediante determinacoes do 1 ao 20 dias de postura, em condicoes atmosfericas controladas [carrapato]3 aSao Paulo, SP (Brasil): c1984.  a66 p. a12 tables; Bibliography p. 51-60 (57 ref.) aCARRAPATO aBIOLOGIA aOVO a202309bLuciac55dLucia Elande cBK c36273d36273 002AGRIS40708AGROBASEa41918b41918l0o 4030 BR8402861p4030 BR8402861r2023-09-25t01yBK10d2023-09-25ePortaria Interministerial nÂș 164/94